[Event "Plzen Calliditas op"]
[Site "Plzen"]
[Date "2023.08.20"]
[Round "2"]
[White "Mutinsky, Jakub"]
[Black "Soutner, Jaroslav"]
[Result "1-0"]
[WhiteElo "1658"]
[BlackElo "1695"]
[PlyCount "120"]
[EventDate "2023.08.19"]
[EventType "swiss"]
[EventRounds "9"]
[EventCountry "CZE"]
[SourceTitle "EXT 2024"]
[Source "ChessBase"]
[SourceDate "2023.10.10"]
[SourceVersion "1"]
[SourceVersionDate "2023.10.10"]
[SourceQuality "1"]

1. d4 Nf6 2. Nf3 d5 3. Bg5 Ne4 4. Bf4 c5 5. e3 e6 6. Nbd2 Nf6 7. c3 Qb6 8. Rb1 Be7 9. Bd3 c4 10. Bc2 0-0 11. 0-0 Qa5 12. a3 b5 13. e4 dxe4 14. Nxe4 Bb7 15. Nxf6+ Bxf6 16. Ng5 h6 17. Nh7 Re8 18. Nxf6+ gxf6 19. Bxh6 f5 20. Qh5 Qd8 21. Bg5 Qd5 22. f3 Nd7 23. Bh6 Kh7 24. Bg5+ Kg8 25. Qh6 a5 26. g4 b4 27. Rbe1 bxa3 28. Re5 Qd6 29. gxf5 Qf8 30. Qxf8+ Kxf8 31. Re2 Bc6 32. fxe6 Rxe6 33. Rxe6 fxe6 34. bxa3 Rb8 35. Rb1 Rxb1+ 36. Bxb1 Bxf3 37. Bd8 a4 38. Bc2 Bc6 39. Bc7 Nf6 40. Kf2 Ng4+ 41. Kg3 Ne3 42. Bb1 Nd5 43. Ba5 Bd7 44. Kh4 Kg7 45. Kg5 Nf6 46. h4 Be8 47. Bc2 Bc6 48. Kf4 Nd7 49. Be4 Bd5 50. Bxd5 exd5 51. Kf5 Kf7 52. h5 Nb8 53. Ke5 Nc6+ 54. Kxd5 Nxa5 55. Kc5 Nb3+ 56. Kxc4 Nd2+ 57. Kb4 Nb1 58. c4 Nd2 59. c5 Nb3 60. d5 Nd4 1-0